[Event "7e Festival de Vaujany 2016 - principal"]
[Site "?"]
[Date "2016.07.20"]
[Round "5.21"]
[White "Soyer, Jean-Yves"]
[Black "Hodot, Yves"]
[Result "1/2-1/2"]
[WhiteElo "2073"]
[BlackElo "1858"]
[PlyCount "52"]

1. Nf3 f5 2. d3 Nf6 3. e4 c5 4. Nc3 Nc6 5. Bg5 Qa5 6. Bxf6 gxf6 7. Nd2 d6 8.
Nc4 Qc7 9. Nd5 Qb8 10. Qh5+ Kd8 11. O-O-O Be6 12. Nce3 f4 13. Nxf4 Bxa2 14. Be2
a5 15. Ned5 Bxd5 16. exd5 Nd4 17. Kd2 Kc7 18. Ne6+ Nxe6 19. dxe6 Qe8 20. Qxe8
Rxe8 21. Bf3 Rg8 22. h4 Bh6+ 23. Ke2 f5 24. c3 Ra8 25. d4 Rad8 26. dxc5 dxc5
1/2-1/2

[Event "7e Festival de Vaujany 2016 - principal"]
[Site "?"]
[Date "2016.07.20"]
[Round "5.22"]
[White "Gatineau, Yovann"]
[Black "Ferriz, Simon"]
[Result "1-0"]
[WhiteElo "2206"]
[BlackElo "1969"]
[PlyCount "63"]

1. d4 d5 2. c4 c6 3. Nc3 e5 4. dxe5 d4 5. Ne4 Qa5+ 6. Bd2 Qxe5 7. Ng3 Nf6 8.
Nf3 Qd6 9. Qc2 Be7 10. O-O-O O-O 11. e3 dxe3 12. fxe3 Na6 13. a3 Ng4 14. Bd3
Nf2 15. Bxh7+ Kh8 16. Ne4 Nd3+ 17. Kb1 Qh6 18. Neg5 Nf2 19. e4 Qh5 20. e5 Bg4
21. Bf5 Bxg5 22. Bxg4 Qxg4 23. Bxg5 Nxh1 24. Rd4 Nf2 25. Rxg4 Nxg4 26. Qf5 Nh6
27. Bxh6 gxh6 28. Qf6+ Kh7 29. Nh4 Rg8 30. Nf5 Rxg2 31. Qxh6+ Kg8 32. Ne7# 1-0

[Event "7e Festival de Vaujany 2016 - principal"]
[Site "?"]
[Date "2016.07.20"]
[Round "5.23"]
[White "Jognery, Lionel"]
[Black "Boghossian, Pierre"]
[Result "0-1"]
[WhiteElo "1960"]
[BlackElo "1973"]
[PlyCount "100"]

1. e4 e6 2. Qe2 c5 3. Nf3 Nc6 4. c3 d5 5. d3 Nf6 6. Nbd2 Be7 7. g3 O-O 8. Bg2
b5 9. O-O Bb7 10. e5 Nd7 11. Re1 Qb6 12. Nf1 d4 13. h4 Rac8 14. Bf4 c4 15. dxc4
bxc4 16. cxd4 Nb4 17. Be3 Nd3 18. Reb1 Qa6 19. Qc2 Nb6 20. Ng5 Bxg2 21. Kxg2
Nd5 22. Rd1 f5 23. b3 h6 24. Nh3 f4 25. Bc1 fxg3 26. fxg3 Qc6 27. Kh2 N3b4 28.
Qe2 cxb3 29. Ba3 Qa6 30. Bxb4 Nxb4 31. Qxa6 Nxa6 32. axb3 Rc6 33. Kg2 Rb8 34.
Rd3 Rc2+ 35. Rd2 Rc6 36. Rda2 Nc7 37. Rxa7 Rxb3 38. Nf4 Kf7 39. Rd1 Rc2+ 40.
Kh3 g5 41. hxg5 hxg5 42. Nd3 Nd5 43. Nc5 Rf3 44. Ne4 Kg6 45. Kg4 Rf8 46. Rxe7
Nxe7 47. Nxg5 Nd5 48. Nf3 Rf2 49. N3h2 Rxh2 50. Nxh2 Ne3+ 0-1

[Event "7e Festival de Vaujany 2016 - principal"]
[Site "?"]
[Date "2016.07.20"]
[Round "5.31"]
[White "Geher, Koppany"]
[Black "Anton, Jose"]
[Result "1-0"]
[WhiteElo "1931"]
[BlackElo "1850"]
[PlyCount "111"]

1. e4 c5 2. Nf3 Nc6 3. d4 cxd4 4. Nxd4 e5 5. Nb5 d6 6. N1c3 a6 7. Na3 Be7 8.
Nd5 Nf6 9. Nxe7 Nxe7 10. Bd3 d5 11. exd5 Nexd5 12. O-O O-O 13. Bg5 h6 14. Bh4
b5 15. Re1 Re8 16. Be4 Be6 17. c4 bxc4 18. Nxc4 g5 19. Bg3 Nxe4 20. Rxe4 f5 21.
Rxe5 f4 22. Qh5 Qf6 23. Rae1 Bf7 24. Rxe8+ Rxe8 25. Rxe8+ Bxe8 26. Qxe8+ Kg7
27. Qd7+ Ne7 28. Bxf4 gxf4 29. Nd6 Kg6 30. Qe8+ Kg7 31. Qd7 Kg6 32. Qe8+ Kg7
33. Qb8 Qe6 34. h3 Qe1+ 35. Kh2 Qxf2 36. Qb3 Qe3 37. Qxe3 fxe3 38. Kg3 Kf6 39.
Kf3 Ke5 40. Nc4+ Kd4 41. Nxe3 Kd3 42. g4 Nc6 43. a3 Ne5+ 44. Kf2 a5 45. b4 a4
46. b5 Kc3 47. b6 Kb3 48. b7 Nd7 49. Ke2 Kxa3 50. h4 Kb4 51. g5 hxg5 52. hxg5
a3 53. Nc2+ Kc5 54. g6 Kc6 55. b8=Q Nxb8 56. g7 1-0

[Event "7e Festival de Vaujany 2016 - principal"]
[Site "Vaujany "]
[Date "2016.07.21"]
[Round "6.1"]
[White "Di Nicolantonio, Lucas"]
[Black "Van Foreest, Jorden"]
[Result "1/2-1/2"]
[WhiteElo "2393"]
[BlackElo "2584"]
[PlyCount "108"]
[EventDate "2016.??.??"]
[WhiteTeam "Cercle d'Echecs de l'Agglomération Annécienne"]

1. e4 c5 2. Nf3 d6 3. d4 cxd4 4. Nxd4 a6 5. Nc3 e6 6. g4 Ne7 7. Be3 Nbc6 8. g5
b5 9. Rg1 Bb7 10. a3 Rc8 11. f4 Nxd4 12. Bxd4 d5 13. exd5 Nxd5 14. Bg2 Nxc3 15.
Bxc3 Qb6 16. Bd4 Bc5 17. Bxb7 Rd8 18. Qf3 Bxd4 19. Qc6+ Qxc6 20. Bxc6+ Ke7 21.
Rg3 Rc8 22. O-O-O Rhd8 23. Bb7 Rc7 24. Rgd3 Bxb2+ 25. Kxb2 Rxd3 26. Rxd3 Rxb7
27. Rh3 h6 28. gxh6 gxh6 29. Rxh6 Rc7 30. f5 exf5 31. Rxa6 f4 32. Kc1 f3 33.
Kd2 Rxc2+ 34. Ke1 Rxh2 35. Rb6 Rh5 36. Kf2 Rf5 37. Ra6 Rf6 38. Ra7+ Ke6 39.
Ra6+ Ke7 40. Ra7+ Kf8 41. a4 bxa4 42. Rxa4 Rf5 43. Rb4 Kg7 44. Ra4 Kf6 45. Rb4
Kg5 46. Ra4 Rf4 47. Ra8 f6 48. Rb8 Kf5 49. Ra8 Kg5 50. Rb8 f5 51. Rg8+ Kf6 52.
Ra8 Rb4 53. Kxf3 Rb3+ 54. Kf4 Rb4+ 1/2-1/2

[Event "7e Festival de Vaujany 2016 - principal"]
[Site "Vaujany "]
[Date "2016.07.21"]
[Round "6.2"]
[White "Chatalbashev, Boris"]
[Black "Bauer, Christian"]
[Result "1-0"]
[WhiteElo "2545"]
[BlackElo "2621"]
[PlyCount "117"]
[EventDate "2016.??.??"]
[WhiteTeam "Tour Prends Garde! Besancon"]
[BlackTeam "C.E. de  Bois-Colombes"]

1. d4 Nf6 2. c4 e6 3. Nc3 Bb4 4. Nf3 d6 5. g3 Bxc3+ 6. bxc3 b6 7. Nd2 Bb7 8. f3
Nc6 9. e4 O-O 10. Bd3 e5 11. Nb3 Ne7 12. O-O Nd7 13. Qc2 c5 14. d5 f6 15. a4 a5
16. Be3 Rf7 17. Nd2 Nf8 18. f4 Bc8 19. f5 g5 20. h4 h6 21. hxg5 hxg5 22. Kf2
Ra7 23. Rh1 Rh7 24. Nf3 Ba6 25. Nh2 Nc8 26. Ng4 Rxh1 27. Rxh1 Rh7 28. Qd1 Qe7
29. Rh6 Rxh6 30. Nxh6+ Kh8 31. Qh5 Qh7 32. Be2 Bb7 33. Bd2 Ba6 34. Bc1 Bb7 35.
Be3 Ba6 36. Ke1 Bb7 37. Kd2 Ba6 38. Kc2 Bb7 39. Kb3 Ba6 40. Bg4 Bb7 41. Bxg5
fxg5 42. f6 Qg6 43. Nf7+ Kg8 44. Qh8+ Kxf7 45. Bh5 Qxh5 46. Qxh5+ Kxf6 47. Qe8
Kg7 48. Qd8 Ba6 49. Qc7+ Kf6 50. Qb8 Ke7 51. Qa8 Kd8 52. Qxa6 Nd7 53. Kc2 g4
54. Kd3 Ne7 55. Qa8+ Nc8 56. Qc6 Nf6 57. Qb5 Ke7 58. Qb1 Kf7 59. Ke3 1-0

[Event "7e Festival de Vaujany 2016 - principal"]
[Site "Vaujany "]
[Date "2016.07.21"]
[Round "6.3"]
[White "Brunner, Nicolas"]
[Black "Mihok, Oliver"]
[Result "1-0"]
[WhiteElo "2443"]
[BlackElo "2509"]
[PlyCount "109"]
[EventDate "2016.??.??"]
[WhiteTeam "Vandoeuvre-Echecs"]

1. d4 d5 2. c4 c6 3. Nf3 Nf6 4. Nc3 e6 5. Bg5 dxc4 6. e4 b5 7. e5 h6 8. Bh4 g5
9. Nxg5 hxg5 10. Bxg5 Nbd7 11. g3 Qa5 12. exf6 Ba6 13. Qf3 Rd8 14. Be2 b4 15.
Ne4 c5 16. dxc5 Ne5 17. Qf4 Bxc5 18. Nxc5 Qxc5 19. O-O Bb7 20. Rad1 Rd3 21. h4
Ba8 22. Rxd3 cxd3 23. Bd1 Bc6 24. Qe3 Qxe3 25. Bxe3 Nf3+ 26. Bxf3 Bxf3 27. Rc1
Kd7 28. Kf1 e5 29. Ke1 Bd5 30. Kd2 e4 31. Bxa7 Bxa2 32. Bc5 Rb8 33. Be3 Bd5 34.
Bf4 Rh8 35. Be5 Ke6 36. Bd4 Kd7 37. Ke3 b3 38. Ra1 Ke6 39. Ra6+ Kf5 40. Ra5 Rd8
41. Bc3 Kg4 42. Bd2 Kf5 43. Bc3 Kg4 44. Rb5 Kf5 45. h5 Rd7 46. Rb8 d2 47. Kxd2
Be6+ 48. Ke2 Kg5 49. Ke3 Bf5 50. Bd4 Kxh5 51. Rxb3 Kg4 52. Rb8 Rc7 53. b4 Rc1
54. Rg8+ Bg6 55. Rxg6+ 1-0

[Event "7e Festival de Vaujany 2016 - principal"]
[Site "?"]
[Date "2016.07.21"]
[Round "6.4"]
[White "Horvath, Jozsef"]
[Black "Chalmeta Ugas, Ramon"]
[Result "1-0"]
[WhiteElo "2507"]
[BlackElo "2249"]
[PlyCount "75"]

1. c4 Nf6 2. Nf3 g6 3. b3 Bg7 4. Bb2 O-O 5. g3 c5 6. Bg2 Nc6 7. O-O d6 8. Nc3
Bd7 9. d4 cxd4 10. Nxd4 Qc8 11. Rc1 Nxd4 12. Qxd4 Bc6 13. Nd5 Qd7 14. e4 Rfc8
15. Rfe1 Ne8 16. Qd2 Bxb2 17. Qxb2 Bxd5 18. exd5 a6 19. Qe2 Rc7 20. a4 b6 21.
Rc3 Nf6 22. Re3 Raa7 23. Qd2 a5 24. Qd4 Qf5 25. Qxb6 Nd7 26. Qd4 Nc5 27. Be4
Qh5 28. Bc2 Qh6 29. h4 Qg7 30. Qd2 Rcb7 31. Kg2 Kf8 32. h5 Rb4 33. Rf3 Kg8 34.
hxg6 hxg6 35. Qg5 Rbb7 36. Rh1 f6 37. Qh4 f5 38. Bxf5 1-0

[Event "7e Festival de Vaujany 2016 - principal"]
[Site "Vaujany "]
[Date "2016.07.21"]
[Round "6.5"]
[White "Favarel, Camille"]
[Black "Drozdowski, Kacper"]
[Result "0-1"]
[WhiteElo "2256"]
[BlackElo "2490"]
[PlyCount "100"]
[EventDate "2016.??.??"]
[WhiteTeam "L'Echiquier du Roy René"]

1. d4 d6 2. Nf3 g6 3. c4 Bg7 4. Nc3 Bg4 5. e3 c5 6. Be2 cxd4 7. exd4 Nc6 8. Be3
Nh6 9. O-O Nf5 10. Qd2 Rc8 11. Ne1 Bxe2 12. Nxe2 O-O 13. b3 d5 14. c5 e5 15.
Nf3 exd4 16. Bg5 Qd7 17. Rad1 Rfe8 18. Ng3 Ne5 19. Nxe5 Bxe5 20. b4 b6 21. Rc1
bxc5 22. bxc5 Bg7 23. Qd3 Ne7 24. Bf4 Nc6 25. Bd6 Na5 26. Qf3 Qc6 27. Rfd1 Nc4
28. Qf4 Rcd8 29. Re1 Rxe1+ 30. Rxe1 Nxd6 31. cxd6 Qxd6 32. Qd2 Rc8 33. Ne2 Rc4
34. Nc1 h6 35. Re2 Kh7 36. g3 a5 37. Nd3 Rc3 38. Kg2 Qa6 39. Nf4 Qf6 40. h4 a4
41. Kh2 Qf5 42. Qd1 a3 43. Rd2 Be5 44. Nd3 (44. Nxd5 Bxg3+ 45. fxg3 Qxd5) 44...
Bf6 45. Nf4 h5 46. Rd3 Be5 47. Rxc3 dxc3 48. Nd3 Bd4 49. Kg2 Qe4+ 50. Qf3 c2
0-1

[Event "7e Festival de Vaujany 2016 - principal"]
[Site "Vaujany "]
[Date "2016.07.21"]
[Round "6.6"]
[White "Le Corre, Benjamin"]
[Black "Valles, Manuel"]
[Result "0-1"]
[WhiteElo "2323"]
[BlackElo "2397"]
[PlyCount "80"]
[EventDate "2016.??.??"]
[WhiteTeam "Vandoeuvre-Echecs"]
[BlackTeam "Echiquier Centre Vaucluse "]

1. d4 d5 2. Nf3 Nf6 3. e3 c5 4. b3 Nc6 5. Bb2 Bg4 6. Be2 e6 7. h3 Bxf3 8. Bxf3
cxd4 9. exd4 b5 10. a3 Qb6 11. Qd3 Be7 12. Nd2 O-O 13. O-O b4 14. a4 a5 15. Be2
Ne8 16. Qe3 Nd6 17. Bd3 Bf6 18. Nf3 Rac8 19. Rad1 Ne7 20. g4 g6 21. Ne5 Rc7 22.
Rde1 Bg7 23. h4 Ne4 24. f3 Nc3 25. Bxc3 Rxc3 26. f4 Nc6 27. Nxc6 Rxc6 28. Kg2
Qxd4 29. Qxd4 Bxd4 30. Re2 f6 31. Bb5 Rd6 32. Rd1 Bc3 33. Bc4 Rfd8 34. Rxe6
Rxe6 35. Rxd5 Rc8 36. f5 gxf5 37. gxf5 Rec6 38. Rxa5+ Kg7 39. Bd3 Kf7 40. Rb5
Rc5 0-1

[Event "7e Festival de Vaujany 2016 - principal"]
[Site "Vaujany "]
[Date "2016.07.21"]
[Round "6.7"]
[White "Joie, Sebastien"]
[Black "Juhasz, Barbara"]
[Result "1-0"]
[WhiteElo "2387"]
[BlackElo "2179"]
[PlyCount "57"]
[EventDate "2016.??.??"]
[WhiteTeam "Cercle d'Echecs de l'Agglomération Annécienne"]

1. e4 c5 2. Nf3 e6 3. d3 Nc6 4. g3 Nge7 5. Bg2 g6 6. O-O Bg7 7. c3 e5 8. a3 d6
9. b4 a6 10. Be3 b6 11. Qd2 O-O 12. Bh6 Bxh6 13. Qxh6 f6 14. Nbd2 Be6 15. Rfd1
Rc8 16. d4 cxd4 17. cxd4 exd4 18. Nf1 Bg4 19. Nxd4 Nxd4 20. Rxd4 Nc6 21. Rd2
Ne5 22. Ne3 Bf3 23. Qf4 Bxg2 24. Kxg2 b5 25. Rad1 Rc6 26. h4 Qe7 27. h5 g5 28.
Qf5 Nc4 29. Qd5+ 1-0

[Event "7e Festival de Vaujany 2016 - principal"]
[Site "?"]
[Date "2016.07.21"]
[Round "6.8"]
[White "Bluhm, Sonja Maria"]
[Black "Viennot, Dylan"]
[Result "1/2-1/2"]
[WhiteElo "2229"]
[BlackElo "2331"]
[PlyCount "80"]

1. e4 e6 2. d4 d5 3. Nc3 Bb4 4. Bd3 c5 5. exd5 Qxd5 6. Bd2 Bxc3 7. Bxc3 Qxg2 8.
Qf3 Qxf3 9. Nxf3 cxd4 10. Nxd4 Ne7 11. Nb5 Nd5 12. Bxg7 Rg8 13. Be5 Nc6 14. Bg3
a6 15. Nd6+ Ke7 16. O-O-O Rd8 17. Ne4 f6 18. a3 e5 19. c4 Nf4 20. Bxf4 exf4 21.
Nc3 Be6 22. Rhe1 Kf7 23. Nd5 Ne5 24. Nxf4 Bg4 25. Be2 Bxe2 26. Rxe2 Rxd1+ 27.
Kxd1 Rd8+ 28. Rd2 Rxd2+ 29. Kxd2 Nxc4+ 30. Kc3 Ne5 31. Kd4 Ke7 32. Kc5 Nd7+ 33.
Kd5 Nb6+ 34. Kd4 Kd6 35. b3 Nd7 36. Nh5 Ke6 37. Ng7+ Kf7 38. Nf5 Ke6 39. Ng7+
Kf7 40. Nf5 Ke6 1/2-1/2

[Event "7e Festival de Vaujany 2016 - principal"]
[Site "Vaujany "]
[Date "2016.07.21"]
[Round "6.9"]
[White "Skomorokhin, Roman"]
[Black "Zachary, Matheo"]
[Result "1-0"]
[WhiteElo "2396"]
[BlackElo "2130"]
[PlyCount "55"]
[EventDate "2016.??.??"]
[BlackTeam "Mulhouse Philidor"]

1. d4 d5 2. c4 c6 3. Nf3 Nf6 4. e3 Bf5 5. cxd5 cxd5 6. Qb3 Qc7 7. Bd2 e6 8.
Bb5+ Nc6 9. O-O Bd6 10. Bb4 O-O 11. Bxc6 bxc6 12. Nbd2 Rab8 13. Bxd6 Qxd6 14.
Qc3 Rfc8 15. Rfc1 Nd7 16. Nb3 f6 17. Qa5 Bd3 18. Rc3 Be2 19. Nfd2 Rb5 20. Qxa7
Nb6 21. Rac1 Bc4 22. Qa3 Qd8 23. Na5 Ra8 24. b4 Qd6 25. Rb1 h6 26. h3 Kh8 27.
Qc1 Rxb4 28. Naxc4 1-0

[Event "7e Festival de Vaujany 2016 - principal"]
[Site "Vaujany "]
[Date "2016.07.21"]
[Round "6.10"]
[White "Bandet, Raphael"]
[Black "Midoux, Sebastien"]
[Result "0-1"]
[WhiteElo "2156"]
[BlackElo "2343"]
[PlyCount "82"]
[EventDate "2016.??.??"]
[WhiteTeam "Echiquier Grenoblois"]
[BlackTeam "CE Vitrolles"]

1. e4 c5 2. Nf3 d6 3. d4 cxd4 4. Nxd4 Nf6 5. Nc3 a6 6. Bc4 e6 7. Bb3 b5 8. O-O
Qc7 9. Qf3 Nc6 10. Nxc6 Qxc6 11. a4 Bd7 12. Re1 Be7 13. Nd5 exd5 14. exd5 Qc7
15. Bg5 Kf8 16. axb5 Bxb5 17. c4 Be8 18. Re2 Bd8 19. Rae1 Bd7 20. Bf4 Rb8 21.
Qg3 Rb6 22. c5 Qxc5 23. Be3 Qb4 24. Bxb6 Qxb6 25. Qc3 h5 26. Qc2 Qb4 27. Re3 g6
28. Bc4 a5 29. Qb3 Bb6 30. Qxb4 axb4 31. Re7 h4 32. h3 Rh5 33. Kf1 Rf5 34. f3
Rf4 35. b3 Bc5 36. Bd3 g5 37. R1e2 Bxh3 38. Bg6 Nxd5 39. Rxf7+ Rxf7 40. Bxf7
Bxg2+ 41. Ke1 h3 0-1

[Event "7e Festival de Vaujany 2016 - principal"]
[Site "?"]
[Date "2016.07.21"]
[Round "6.11"]
[White "Meunier, Clement"]
[Black "Mihok, Laszlo"]
[Result "1-0"]
[WhiteElo "2338"]
[BlackElo "2096"]
[PlyCount "51"]

1. e4 e5 2. Nf3 Nc6 3. Bb5 Nge7 4. Nc3 g6 5. d4 exd4 6. Nd5 Bg7 7. Bg5 h6 8.
Bf6 Bxf6 9. Nxf6+ Kf8 10. O-O a6 11. Bc4 Kg7 12. Qd2 Kxf6 13. Qf4+ Nf5 14. exf5
g5 15. Qg4 d5 16. Bd3 Qd6 17. g3 Bd7 18. Rfe1 Rae8 19. Qh5 Nb4 20. Rxe8 Bxe8
21. h4 Nxd3 22. hxg5+ Kxf5 23. Nxd4+ Ke5 24. Qe2+ Kxd4 25. Qxd3+ Kc5 26. Qc3+
1-0

[Event "7e Festival de Vaujany 2016 - principal"]
[Site "?"]
[Date "2016.07.21"]
[Round "6.12"]
[White "Bianchi, Tobias"]
[Black "Rooze, Jan"]
[Result "0-1"]
[WhiteElo "2016"]
[BlackElo "2322"]
[PlyCount "66"]

1. e4 c5 2. Nf3 e6 3. d4 cxd4 4. Nxd4 Nc6 5. Nc3 Qc7 6. Be2 a6 7. O-O b5 8. a3
Bb7 9. Nxc6 Bxc6 10. Qd4 Nf6 11. Bg5 Bd6 12. Bxf6 gxf6 13. Qxf6 Bxh2+ 14. Kh1
Be5 15. Qh4 Qd8 16. Qh5 Bxc3 17. bxc3 Bxe4 18. a4 Rg8 19. f3 Bg6 20. Qg4 bxa4
21. Rxa4 Kf8 22. Qf4 Bxc2 23. Rxa6 Rxa6 24. Bxa6 Rg5 25. Qh4 Bg6 26. Qb4+ Kg8
27. Rd1 Qc7 28. Rd6 Rc5 29. Qd4 Rxc3 30. g3 Rc1+ 31. Kh2 Qc2+ 32. Kh3 Rh1+ 33.
Kg4 Qf5# 0-1

[Event "7e Festival de Vaujany 2016 - principal"]
[Site "?"]
[Date "2016.07.21"]
[Round "6.13"]
[White "Gaborit, Jean-Pierre"]
[Black "Mina, Marco"]
[Result "1/2-1/2"]
[WhiteElo "2182"]
[BlackElo "2009"]
[PlyCount "72"]

1. d4 e6 2. Nf3 d5 3. c4 Nf6 4. Nc3 Bb4 5. Qa4+ Nc6 6. Bd2 O-O 7. e3 a6 8. a3
Bd6 9. c5 Be7 10. Be2 Ne4 11. Qc2 f5 12. O-O Bf6 13. Rfd1 Ne7 14. Ne5 Nxc5 15.
f4 Ne4 16. Nxe4 fxe4 17. Bb4 a5 18. Bd2 Nf5 19. b4 g5 20. Bg4 gxf4 21. Bxf5
exf5 22. exf4 axb4 23. Bxb4 Re8 24. Rac1 c6 25. Qc3 Be6 26. Rb1 Be7 27. Bc5
Bxc5 28. dxc5 Qe7 29. Rd4 Ra7 30. Rdb4 Rea8 31. a4 Bc8 32. Qd4 Ra5 33. Rc1 Qh4
34. Rf1 Qe7 35. Rc1 Qh4 36. Rf1 Qe7 1/2-1/2

[Event "7e Festival de Vaujany 2016 - principal"]
[Site "?"]
[Date "2016.07.21"]
[Round "6.14"]
[White "Houard, Sebastien"]
[Black "Drozdowski, Konrad"]
[Result "1-0"]
[WhiteElo "2133"]
[BlackElo "2088"]
[PlyCount "73"]

1. e4 c5 2. Bc4 e6 3. Nc3 Nc6 4. d3 a6 5. a4 Nf6 6. Qf3 Nd4 7. Qd1 d5 8. Ba2
Be7 9. Nf3 Nxf3+ 10. Qxf3 d4 11. Ne2 Qa5+ 12. Bd2 Qxa4 13. Qg3 Qxc2 14. Nc1 Qa4
15. e5 Nh5 16. Qf3 g6 17. g4 Ng7 18. Bxe6 Qxa1 19. Qxf7+ Kd8 20. Qxg7 Re8 21.
Bf7 Bd7 22. Bxe8 Bxe8 23. b3 c4 24. bxc4 a5 25. O-O Qb2 26. Bf4 Ra6 27. Re1 a4
28. e6 Rc6 29. Re5 Rd6 30. c5 Qc2 31. Ne2 Qd1+ 32. Kg2 Bc6+ 33. f3 Bxf3+ 34.
Kxf3 Qf1+ 35. Kg3 Bh4+ 36. Kxh4 Qe1+ 37. Ng3 1-0

[Event "7e Festival de Vaujany 2016 - principal"]
[Site "?"]
[Date "2016.07.21"]
[Round "6.15"]
[White "Boghossian, Pierre"]
[Black "Gatineaux, Yoavann"]
[Result "0-1"]
[WhiteElo "1973"]
[BlackElo "2206"]
[PlyCount "72"]

1. e4 c5 2. c3 Nf6 3. e5 Nd5 4. d4 cxd4 5. Bc4 Nb6 6. Bb3 Nc6 7. Nf3 d5 8. exd6
Qxd6 9. O-O Be6 10. Bxe6 Qxe6 11. Nxd4 Qd5 12. Qg4 e6 13. Nxc6 Qxc6 14. Rd1 h5
15. Qd4 Qd5 16. Be3 Be7 17. Nd2 O-O 18. Qxd5 Nxd5 19. Bd4 Rfd8 20. Ne4 b6 21.
Kf1 Rd7 22. g3 Rad8 23. Ke2 f6 24. f4 Kf7 25. a4 h4 26. c4 Nxf4+ 27. gxf4 Rxd4
28. Nc3 Rxc4 29. Rxd8 Bxd8 30. Rd1 Be7 31. Rd7 Rb4 32. f5 Rxb2+ 33. Kd3 Rxh2
34. Rxa7 h3 35. Rb7 Rb2 36. a5 h2 0-1

[Event "7e Festival de Vaujany 2016 - principal"]
[Site "?"]
[Date "2016.07.21"]
[Round "6.17"]
[White "Degardin, Sylvain"]
[Black "Georges, Thomas"]
[Result "1-0"]
[WhiteElo "2101"]
[BlackElo "1980"]
[PlyCount "47"]

1. e4 c5 2. Nf3 d6 3. d4 cxd4 4. Qxd4 Nc6 5. Bb5 Bd7 6. Bxc6 Bxc6 7. Nc3 Nf6 8.
Bg5 e5 9. Qd3 Be7 10. O-O-O Qa5 11. Kb1 O-O 12. Nh4 g6 13. Bh6 Rfd8 14. Nf5 Qc7
15. Nxe7+ Qxe7 16. Bg5 Qe6 17. Nd5 Bxd5 18. exd5 Qe7 19. f4 Kg7 20. Rhf1 e4 21.
Qd4 h6 22. Bh4 e3 23. Rde1 Re8 24. Rf3 1-0

[Event "7e Festival de Vaujany 2016 - principal"]
[Site "?"]
[Date "2016.07.21"]
[Round "6.18"]
[White "Teychene, Jean-Louis"]
[Black "Soyer, Jean-Yves"]
[Result "1-0"]
[WhiteElo "1853"]
[BlackElo "2073"]
[PlyCount "79"]

1. d4 Nf6 2. c4 g6 3. g3 Bg7 4. Bg2 O-O 5. Nc3 d6 6. Nf3 Nc6 7. d5 Na5 8. Nd2
c5 9. O-O a6 10. Qc2 Rb8 11. b3 b5 12. Bb2 bxc4 13. bxc4 Bh6 14. f4 Ng4 15. Nd1
Rxb2 16. Qxb2 Bg7 17. Qc1 Bd4+ 18. Kh1 Bxa1 19. Qxa1 e6 20. h3 Nf6 21. e4 Nh5
22. Qc3 f5 23. dxe6 Bxe6 24. exf5 gxf5 25. Re1 Bf7 26. Kh2 Re8 27. Rxe8+ Qxe8
28. Ne3 Ng7 29. Nd5 Qd8 30. Nf1 Nc6 31. Nfe3 Nd4 32. Qd3 Be6 33. Qd1 Nc6 34.
Qh5 Nb8 35. Qh6 Nd7 36. g4 fxg4 37. f5 g3+ 38. Kh1 Bxf5 39. Nxf5 Nxf5 40. Qe6+
1-0

[Event "7e Festival de Vaujany 2016 - principal"]
[Site "?"]
[Date "2016.07.21"]
[Round "6.19"]
[White "Hodot, Yves"]
[Black "Cordara, Michele"]
[Result "0-1"]
[WhiteElo "1858"]
[BlackElo "1974"]
[PlyCount "78"]

1. e4 c5 2. b4 cxb4 3. c4 e5 4. f4 Bc5 5. a3 Nc6 6. axb4 Nxb4 7. Nf3 d6 8. Nc3
Nf6 9. d3 Bg4 10. Rb1 O-O 11. Na4 b6 12. Nxc5 dxc5 13. fxe5 Nh5 14. Be2 Bxf3
15. Bxf3 Nxd3+ 16. Kf1 Qd4 17. Qd2 f5 18. exf6 Nxf6 19. e5 Ng4 20. e6 Rae8 21.
Qe2 Nge5 22. Be3 Qxc4 23. Kg1 Nxf3+ 24. gxf3 Ne5 25. Qxc4 Nxc4 26. Kf2 Nxe3 27.
Kxe3 Rxe6+ 28. Kf2 Rd8 29. Rb2 a5 30. Rhb1 a4 31. Rxb6 Rd2+ 32. Kg3 Rxb6 33.
Rxb6 a3 34. Ra6 a2 35. Kf4 c4 36. h4 c3 37. Ke3 Rh2 38. Ke4 c2 39. Kd3 c1=Q 0-1

[Event "7e Festival de Vaujany 2016 - principal"]
[Site "?"]
[Date "2016.07.21"]
[Round "6.20"]
[White "David, Bogdan-Emanuel"]
[Black "Zenere, Gabriele"]
[Result "1-0"]
[WhiteElo "2161"]
[BlackElo "1931"]
[PlyCount "73"]

1. e4 c5 2. Nf3 Nc6 3. d4 cxd4 4. Nxd4 g6 5. c4 Bg7 6. Be3 Nf6 7. Nc3 Ng4 8.
Qxg4 Nxd4 9. Qd1 Ne6 10. Qd2 Qa5 11. Be2 b6 12. O-O Bb7 13. f3 g5 14. Rfd1 d6
15. Nd5 Qxd2 16. Rxd2 Rc8 17. a4 Nc5 18. Ra3 e6 19. Nc3 Bxc3 20. Rxc3 Ke7 21.
Bxg5+ f6 22. Be3 a5 23. Bd1 Bc6 24. Kf2 Rhd8 25. g4 Bxe4 26. fxe4 Nxe4+ 27. Kg2
Nxd2 28. Bxd2 d5 29. Be2 d4 30. Rb3 Rd6 31. Bd3 Rg8 32. Kf3 h5 33. gxh5 e5 34.
h6 Ke6 35. c5 e4+ 36. Kxe4 f5+ 37. Kf3 1-0

[Event "7e Festival de Vaujany 2016 - principal"]
[Site "?"]
[Date "2016.07.21"]
[Round "6.21"]
[White "Prats Rodriguez, Juan Bosco"]
[Black "Dudugnon, Thibault"]
[Result "0-1"]
[WhiteElo "1978"]
[BlackElo "2158"]
[PlyCount "116"]

1. e4 c6 2. d4 d5 3. e5 Bf5 4. Nf3 e6 5. Be2 c5 6. Be3 cxd4 7. Nxd4 Ne7 8. Nd2
Nbc6 9. N2f3 Be4 10. O-O Ng6 11. Bb5 Qd7 12. Ng5 Ngxe5 13. Nxe4 dxe4 14. Qe2 a6
15. Nxc6 Nxc6 16. Rfd1 Qc7 17. Ba4 Bd6 18. Qg4 f5 19. Bxc6+ bxc6 20. Qh5+ g6
21. Qh4 O-O 22. Bh6 Rfe8 23. Rd2 Rad8 24. Bg5 Be7 25. Rxd8 Qxd8 26. Bxe7 Rxe7
27. Qf6 Re8 28. Qc3 Qd5 29. h3 Kf7 30. b3 Rd8 31. Kf1 Qd4 32. Qxd4 Rxd4 33. Ke2
Kf6 34. h4 h6 35. Rh1 f4 36. Rh3 Ke5 37. Rc3 Kd5 38. Ke1 e5 39. Ke2 a5 40. a3
c5 41. Ke1 a4 42. bxa4 Rxa4 43. Rb3 g5 44. hxg5 hxg5 45. Kd2 g4 46. Ke1 c4 47.
Rb8 Rxa3 48. Rd8+ Kc5 49. Kd2 e3+ 50. fxe3 Rxe3 51. Rc8+ Kd5 52. c3 Rd3+ 53.
Kc2 Rg3 54. Rd8+ Ke4 55. Rd2 f3 56. gxf3+ gxf3 57. Kd1 Rg1+ 58. Kc2 Rg2 0-1

[Event "7e Festival de Vaujany 2016 - principal"]
[Site "?"]
[Date "2016.07.21"]
[Round "6.22"]
[White "Mathieu, Olivier"]
[Black "Nastro, Federico"]
[Result "1/2-1/2"]
[WhiteElo "1969"]
[BlackElo "2071"]
[PlyCount "105"]

1. e4 e5 2. Nf3 Nc6 3. Bb5 a6 4. Bxc6 dxc6 5. O-O Bg4 6. h3 h5 7. d3 Qf6 8.
Nbd2 Ne7 9. Re1 Ng6 10. d4 Bd6 11. hxg4 hxg4 12. Nh2 Rxh2 13. Qxg4 Qh4 14. Qxh4
Rxh4 15. Nf3 Rh5 16. Be3 O-O-O 17. g3 f5 18. exf5 Rxf5 19. Nxe5 Bxe5 20. dxe5
Nxe5 21. Kg2 Nc4 22. Bc1 g5 23. b3 Nd2 24. Re2 Nf3 25. Bb2 c5 26. Rh1 Rff8 27.
Re7 Rd7 28. Rxd7 Kxd7 29. Rd1+ Ke6 30. Kh3 Rf5 31. Rd3 Nd4 32. Rd2 c6 33. Kg4
Rd5 34. c3 Nf5 35. Rxd5 cxd5 36. Kxg5 Nd6 37. Kf4 b5 38. f3 a5 39. g4 b4 40.
cxb4 axb4 41. a3 c4 42. axb4 cxb3 43. Bd4 Nc4 44. b5 b2 45. Bxb2 Nxb2 46. b6
Nd3+ 47. Ke3 Nc5 48. g5 Nd7 49. b7 Nb8 50. Kd4 Kd6 51. g6 Nc6+ 52. Ke3 Ke6 53.
g7 1/2-1/2

[Event "7e Festival de Vaujany 2016 - principal"]
[Site "?"]
[Date "2016.07.21"]
[Round "6.23"]
[White "Martin Benito, Carla"]
[Black "Suez-Panama, Gilles"]
[Result "0-1"]
[WhiteElo "1904"]
[BlackElo "2017"]
[PlyCount "50"]

1. e4 e6 2. d3 d5 3. Nd2 Nf6 4. g3 Bc5 5. Bg2 O-O 6. e5 Nfd7 7. Ngf3 Nc6 8. Nb3
Bb6 9. Qe2 f6 10. exf6 Nxf6 11. O-O Qe8 12. d4 Qh5 13. Bf4 Bd7 14. c3 Rae8 15.
Qc2 e5 16. dxe5 Ng4 17. h4 Ncxe5 18. Nxe5 Nxe5 19. Bxd5+ Kh8 20. Bg2 Rxf4 21.
gxf4 Nf3+ 22. Bxf3 Qxf3 23. Nd4 Bxd4 24. Qd1 Qg3+ 25. Kh1 Bc6+ 0-1

[Event "7e Festival de Vaujany 2016 - principal"]
[Site "?"]
[Date "2016.07.21"]
[Round "6.26"]
[White "Buffa, Sabarino Pietro"]
[Black "Ferriz, Simon"]
[Result "1-0"]
[WhiteElo "1818"]
[BlackElo "1969"]
[PlyCount "49"]

1. e4 c5 2. Nf3 g6 3. d4 cxd4 4. Nxd4 Bg7 5. Nc3 Nc6 6. Be3 Nf6 7. h4 O-O 8.
Qd2 Ng4 9. O-O-O Nxd4 10. Bxd4 Bh6 11. Be3 Nxe3 12. fxe3 d6 13. e5 Be6 14. exd6
Qb6 15. Nd5 Bxd5 16. Qxd5 exd6 17. Bc4 Bxe3+ 18. Kb1 Rac8 19. Bb3 Bf4 20. Rdf1
Rc5 21. Qd3 Be5 22. h5 Bg7 23. hxg6 hxg6 24. Qxg6 Qxb3 25. Qh7# 1-0